00622 2200241 4500001002100000005001500021035002000036245005500056100001700111260003300128082001100161084001700172020002200189008004100211650001800252650000800270650002000278650001800298990001500316990001500331990001700346990001700363INLIS00000000000014820251120091025 a0010-11250001481 aHaving Fun with Adobe Photoshop CS4 /cRonald Budi1 aBudi, Ronald aYogyakarta :bSkripta,c2010 a006.66 a006.66 BUD h a978-602-96954-2-7251120 g 0 ind  aIlmu Komputer aTIK aAdobe Photoshop aPhotoshop CS4 a0108/TP/15 a0108/TP/15 a0108.2/TP/15 a0108.3/TP/15